00421nam a2200145Ia 4500003000400000008004100004040001600045082001800061100001700079245007400096260005000170300001000220650001600230650002900246GCL140319s9999 xx 000 0 eng d aGCL / cGCL04a331.7103bB D1 aBADAWI, ZAKI10aDICTIONARY OF OCCUPATIONS: ENGLISH - FRENCH - ARABIC / cBADAWI, ZAKI a[S.N] : bDAR AL - KITAB AL - MASRI ، c1989 a453 P04aOCCUPATIONS04aOCCUPATIONS - DICTIONARY